L'inmunité dans les maladies infectieuses / (Record no. 104005)

MARC details
000 -LEADER
campo de control de longitud fija 00539nam a2200181 i 4500
001 - NÚMERO DE CONTROL
campo de control 104005
003 - IDENTIFICADOR DE NÚMERO DE CONTROL
campo de control ES-MaACL
005 - FECHA Y HORA DE LA ÚLTIMA TRANSACCIÓN
campo de control 20250721200220.0
007 - CAMPO FIJO DE DESCRIPCIÓN FÍSICA--INFORMACIÓN GENERAL
campo de control de longitud fija t|
008 - DATOS DE LONGITUD FIJA--INFORMACIÓN GENERAL
campo de control de longitud fija 051122s1901 fr ||||1| fre d
100 1# - ENTRADA PRINCIPAL--NOMBRE DE PERSONA
Nombre de persona Metchnikoff, Elie.
9 (RLIN) 80724
245 12 - MENCIÓN DEL TÍTULO
Título L'inmunité dans les maladies infectieuses /
Mención de responsabilidad, etc. Elie Metchnikoff.
260 ## - PUBLICACIÓN, DISTRIBUCIÓN, ETC.
Lugar de publicación, distribución, etc. Paris :
Nombre del editor, distribuidor, etc. [s.n.],
Fecha de publicación, distribución, etc. 1901 (
Fabricante Barneond)
300 ## - DESCRIPCIÓN FÍSICA
Extensión X, 600 p. ;
Dimensiones 29 cm.
650 07 - PUNTO DE ACCESO ADICIONAL DE MATERIA--TÉRMINO DE MATERIA
Término de materia o nombre geográfico como elemento de entrada Enfermedades infecciosas
Fuente del encabezamiento o término embne
9 (RLIN) 135986
852 ## - LOCALIZACIÓN
Ubicación ES-MaACL
Número de control de estantería G-14353
Holdings
Estatus retirado Estado de pérdida Estado de daño No para préstamo Biblioteca de origen Biblioteca actual Ubicación en estantería Fecha de adquisición Fuente de adquisición Total de préstamos Signatura topográfica completa Código de barras Visto por última vez Precio de reemplazo Tipo de ítem Koha
        Biblioteca del Ateneo de Madrid Biblioteca del Ateneo de Madrid Sala Pecera Planta 3 17/01/2008     G-14353 1108591 23/02/2023 23/02/2023 Libro impreso antiguo